00446nam a2200181Ia 4500001000900000003000500009005001700014008004100031010001100072040000900083082001500092100002100107245004900128250001200177260003300189300001000222650003200232dia_2832CHAP20251027153350.0220117s1991 xx 000 0 und d a173332 cCHAP a664.752 F3 aFrankel, Aida M. aPanificacion Casera /c por Aida M. Frankel a3A. ed. aBuenos Aires, Albatrosc1991 a208P. aPanxindustria panificadora